| 000 | 00818nam a2200193 a 4500 | ||
|---|---|---|---|
| 001 | 000034556 | ||
| 005 | 20200930073750.0 | ||
| 008 | 111006s19401942sp a 000 0 spa d | ||
| 040 |
_aDO-SdBNP _bspa _cBNPHU |
||
| 082 |
_axxxx _bC365 |
||
| 245 | 0 | 0 |
_aCatálogo de pasajeros a Indias : _bdurrante los siglos XVl, XVll y XVlll / _cdon Cristobal Bermúdez Plata ; prólogo El Duque de Alba. |
| 260 |
_aSevilla : _bImprenta Editorial de la Gavidia, _c1940 - 1942. |
||
| 300 |
_a2 v. : _bil. ; _c22 cm. |
||
| 505 | 0 |
_gv. 1. (1509-1534) -- _gv. ll. (1535-1538) |
|
| 700 | 1 |
_aAlba, Fernando Álvarez de Toledo, _cduque de, _d1507-1582. _epról. _959990 |
|
| 710 | 2 |
_aConsejo Superior de Investigaciones Científicas _94786 |
|
| 710 | 2 |
_aPatronato Menéndez y Pelayo _959991 |
|
| 710 | 2 |
_aInstituto Gonzalo Fernández de Oviedo _959992 |
|
| 999 |
_c34047 _d34047 |
||